[Event "Titled Tuesday intern op 2nd Oct"]
[Site "Chess.com INT"]
[Date "2018.10.02"]
[Round "9"]
[White "Kotepalli, Sai Nirupama"]
[Black "Simonetto, Andrea"]
[Result "1-0"]
[WhiteElo "1949"]
[BlackElo "2194"]
[PlyCount "162"]
[EventDate "2018.10.02"]
[EventType "swiss (blitz)"]
[EventRounds "10"]
[EventCountry "USA"]
[SourceTitle "EXT 2021"]
[Source "ChessBase"]
[SourceDate "2020.10.23"]
[SourceVersion "1"]
[SourceVersionDate "2020.10.23"]
[SourceQuality "1"]

1. e4 c6 2. d3 d5 3. Nd2 e5 4. Ngf3 Nd7 5. g3 Ngf6 6. Bg2 Bd6 7. 0-0 0-0 8. Qe2 Re8 9. Nh4 Nf8 10. Ndf3 Ng6 11. Nf5 Bf8 12. h4 Bxf5 13. exf5 Ne7 14. Qxe5 Qd7 15. Bh3 Nc8 16. Qc3 Nd6 17. g4 h5 18. g5 Ng4 19. f6 Nf5 20. Bf4 g6 21. Rae1 Bd6 22. Qd2 Qc7 23. Bxd6 Qxd6 24. d4 Re4 25. Rxe4 dxe4 26. Bxg4 hxg4 27. Ne5 Nxh4 28. Re1 Re8 29. Qe3 Nf3+ 30. Nxf3 gxf3 31. Rd1 c5 32. c3 Qd5 33. b3 Qf5 34. Kf1 cxd4 35. Rxd4 Qh3+ 36. Ke1 Qh1+ 37. Kd2 Qb1 38. Ra4 Qb2+ 39. Ke1 Qb1+ 40. Kd2 Rd8+ 41. Rd4 Qxa2+ 42. Kc1 Qa1+ 43. Kc2 Qa2+ 44. Kc1 Re8 45. Rxe4 Rxe4 46. Qxe4 Qa3+ 47. Kd2 Qd6+ 48. Ke3 Kf8 49. Kxf3 Qd1+ 50. Kg2 Qd7 51. Qb4+ Kg8 52. Qh4 Qd5+ 53. Kg1 Qd1+ 54. Kh2 Qd6+ 55. Qg3 Qd8 56. c4 Kf8 57. Qh4 Qd6+ 58. Kh3 Qe6+ 59. Kg2 Ke8 60. Qd4 Qc6+ 61. f3 Qe6 62. Qxa7 Qe2+ 63. Qf2 Qd3 64. Qe1+ Kd7 65. Qe7+ Kc6 66. Qe8+ Kb6 67. Qb5+ Ka7 68. Qc5+ Ka8 69. Qf8+ Ka7 70. Qxf7 Qe2+ 71. Kg3 Qe1+ 72. Kf4 Qd2+ 73. Ke5 Qxg5+ 74. Ke6 Qf5+ 75. Ke7 Qe5+ 76. Kf8 Qd6+ 77. Qe7 Qb8+ 78. Kg7 g5 79. f7 Qg3 80. f8Q Qe1 81. Qxe1 Ka6 1-0

[Event "Titled Tuesday intern op 2nd Oct"]
[Site "Chess.com INT"]
[Date "2018.10.02"]
[Round "4"]
[White "Simonetto, Andrea"]
[Black "Mabusela, Johannes Manyedi"]
[Result "0-1"]
[WhiteElo "2194"]
[BlackElo "2245"]
[PlyCount "54"]
[EventDate "2018.10.02"]
[EventType "swiss (blitz)"]
[EventRounds "10"]
[EventCountry "USA"]
[SourceTitle "EXT 2021"]
[Source "ChessBase"]
[SourceDate "2020.10.23"]
[SourceVersion "1"]
[SourceVersionDate "2020.10.23"]
[SourceQuality "1"]

1. Nf3 c5 2. e3 d5 3. d4 Nc6 4. c4 e6 5. a3 Nf6 6. dxc5 Bxc5 7. b4 Be7 8. Bb2 0-0 9. Nbd2 a6 10. Bd3 dxc4 11. Nxc4 b5 12. Nce5 Bb7 13. 0-0 Qb6 14. Nxc6 Qxc6 15. Rc1 Qd5 16. Qe2 Rfd8 17. Rfd1 Qh5 18. Ne5 Qg5 19. f3 Bd6 20. f4 Qh5 21. Qxh5 Nxh5 22. Bxh7+ Kxh7 23. Nxf7 Be7 24. Nxd8 Bxd8 25. Rd7 Bd5 26. Bd4 Nf6 27. h3 Nxd7 0-1

[Event "Titled Tuesday intern op 2nd Oct"]
[Site "Chess.com INT"]
[Date "2018.10.02"]
[Round "7"]
[White "Simonetto, Andrea"]
[Black "Migot, Tangi"]
[Result "1-0"]
[WhiteElo "2194"]
[BlackElo "2380"]
[PlyCount "73"]
[EventDate "2018.10.02"]
[EventType "swiss (blitz)"]
[EventRounds "10"]
[EventCountry "USA"]
[SourceTitle "EXT 2021"]
[Source "ChessBase"]
[SourceDate "2020.10.23"]
[SourceVersion "1"]
[SourceVersionDate "2020.10.23"]
[SourceQuality "1"]

1. Nf3 d5 2. e3 Nf6 3. c4 e6 4. b3 Bd6 5. Bb2 0-0 6. Be2 Nbd7 7. 0-0 c6 8. d4 a6 9. Nc3 b5 10. Qc2 b4 11. Nb1 c5 12. dxc5 Nxc5 13. cxd5 exd5 14. Rd1 Bb7 15. Nbd2 Rc8 16. Qf5 Nfe4 17. Nxe4 Nxe4 18. Bd3 g6 19. Qh3 Nc3 20. Rdc1 Qe7 21. Nd4 Be5 22. Nf5 gxf5 23. Bxf5 f6 24. Bxc8 Bxc8 25. Qh5 Qg7 26. h3 Bxh3 27. Qxh3 Ne2+ 28. Kf1 Bxb2 29. Kxe2 Bxa1 30. Rxa1 f5 31. Rd1 Kh8 32. Qf3 Qb2+ 33. Rd2 Qb1 34. Qxd5 Rc8 35. Qe5+ Kg8 36. Qe6+ Kg7 37. Qxc8 1-0

[Event "Titled Tuesday intern op 2nd Oct"]
[Site "Chess.com INT"]
[Date "2018.10.02"]
[Round "6"]
[White "Toncheva, Nadya"]
[Black "Simonetto, Andrea"]
[Result "1-0"]
[WhiteElo "2068"]
[BlackElo "2194"]
[PlyCount "85"]
[EventDate "2018.10.02"]
[EventType "swiss (blitz)"]
[EventRounds "10"]
[EventCountry "USA"]
[SourceTitle "EXT 2021"]
[Source "ChessBase"]
[SourceDate "2020.10.23"]
[SourceVersion "1"]
[SourceVersionDate "2020.10.23"]
[SourceQuality "1"]

1. e4 c6 2. d4 d5 3. Nc3 dxe4 4. Nxe4 Bf5 5. Ng3 Bg6 6. h4 h6 7. h5 Bh7 8. Nf3 Nd7 9. Bd3 Bxd3 10. Qxd3 Qc7 11. Bd2 Ngf6 12. Ne4 e6 13. g3 Nxe4 14. Qxe4 Bd6 15. 0-0-0 0-0-0 16. c4 c5 17. d5 Nf6 18. Qd3 exd5 19. cxd5 Qd7 20. Bc3 Rhe8 21. Bxf6 gxf6 22. Rhe1 Qg4 23. Nh4 Qxh5 24. Nf5 Re5 25. Rxe5 fxe5 26. Qc2 Qg6 27. Rh1 h5 28. Nxd6+ Qxd6 29. Qf5+ Rd7 30. Rd1 c4 31. Qxh5 c3 32. bxc3 Qa3+ 33. Kb1 Rd6 34. Qh8+ Kd7 35. Qxe5 Rb6+ 36. Kc2 Qa4+ 37. Kd2 Rb2+ 38. Ke1 Qc2 39. Qe3 Rxa2 40. d6 Kc6 41. d7 Ra4 42. d8Q Re4 43. Qd7# 1-0

[Event "Titled Tuesday intern op 7th Aug"]
[Site "Chess.com INT"]
[Date "2018.08.07"]
[Round "6"]
[White "Johnson, Joel F"]
[Black "Simonetto, Andrea"]
[Result "1-0"]
[WhiteElo "2223"]
[BlackElo "2173"]
[PlyCount "120"]
[EventDate "2018.08.07"]
[EventType "swiss (blitz)"]
[EventRounds "10"]
[EventCountry "USA"]
[SourceTitle "EXT 2021"]
[Source "ChessBase"]
[SourceDate "2020.10.23"]
[SourceVersion "1"]
[SourceVersionDate "2020.10.23"]
[SourceQuality "1"]

1. e4 c6 2. d4 d5 3. Nc3 dxe4 4. Nxe4 Bf5 5. Ng3 Bg6 6. Bc4 e6 7. N1e2 Nd7 8. 0-0 Bd6 9. f4 Ne7 10. Bd3 Bxd3 11. Qxd3 g6 12. b3 Qc7 13. c4 c5 14. Nc3 a6 15. Nge4 0-0-0 16. Nxd6+ Qxd6 17. Ne4 Qxd4+ 18. Qxd4 cxd4 19. Nd6+ Kc7 20. Nxf7 Nf5 21. Nxh8 Rxh8 22. Bb2 Nc5 23. g4 Nd3 24. gxf5 Nxb2 25. fxe6 Re8 26. Rf2 Nd3 27. Rd2 Nxf4 28. Rf1 g5 29. Rxf4 gxf4 30. Rxd4 Rxe6 31. Rxf4 h6 32. Kf2 Rd6 33. Re4 Rd2+ 34. Re2 Rd6 35. Ke1 Kb6 36. Rd2 Re6+ 37. Kd1 Kc5 38. Kc2 Rg6 39. a3 Kc6 40. Kc3 Rf6 41. Rd3 Rf2 42. h3 Rf1 43. b4 Rc1+ 44. Kb3 Rb1+ 45. Kc2 Rg1 46. Rf3 Rg2+ 47. Kb3 Rg6 48. a4 b6 49. h4 Re6 50. Rg3 h5 51. b5+ axb5 52. axb5+ Kc7 53. Rg7+ Kd6 54. Rg5 Rh6 55. Kb4 Kc7 56. Rg7+ Kd6 57. Rb7 Ke5 58. c5 bxc5+ 59. Kxc5 Kf4 60. Rg7 Re6 1-0

[Event "Titled Tuesday intern op 7th Aug"]
[Site "Chess.com INT"]
[Date "2018.08.07"]
[Round "4"]
[White "Simonetto, Andrea"]
[Black "Kaufman, Raymond"]
[Result "1-0"]
[WhiteElo "2173"]
[BlackElo "2241"]
[PlyCount "43"]
[EventDate "2018.08.07"]
[EventType "swiss (blitz)"]
[EventRounds "10"]
[EventCountry "USA"]
[SourceTitle "EXT 2021"]
[Source "ChessBase"]
[SourceDate "2020.10.23"]
[SourceVersion "1"]
[SourceVersionDate "2020.10.23"]
[SourceQuality "1"]

1. d4 Nf6 2. c4 e6 3. Nf3 b6 4. g3 Ba6 5. b3 Bb4+ 6. Bd2 Be7 7. Bg2 c6 8. 0-0 0-0 9. Nc3 d5 10. Ne5 dxc4 11. Bxc6 Qxd4 12. Bxa8 Qxe5 13. Bf3 Nd5 14. Nxd5 exd5 15. Bf4 Qb2 16. Qxd5 cxb3 17. axb3 Bxe2 18. Bxe2 Qxe2 19. Rfe1 Qb2 20. Rxa7 Bc5 21. Rf1 Qe2 22. Bxb8 1-0

[Event "Titled Tuesday intern op 7th Aug"]
[Site "Chess.com INT"]
[Date "2018.08.07"]
[Round "2"]
[White "Simonetto, Andrea"]
[Black "Navia Alvarez, Edwin Adrian"]
[Result "0-1"]
[WhiteElo "2173"]
[BlackElo "2104"]
[PlyCount "84"]
[EventDate "2018.08.07"]
[EventType "swiss (blitz)"]
[EventRounds "10"]
[EventCountry "USA"]
[SourceTitle "EXT 2021"]
[Source "ChessBase"]
[SourceDate "2020.10.23"]
[SourceVersion "1"]
[SourceVersionDate "2020.10.23"]
[SourceQuality "1"]

1. d4 d5 2. c4 e6 3. Nc3 c5 4. cxd5 exd5 5. Nf3 Nc6 6. Bg5 Be7 7. Bxe7 Ngxe7 8. e3 c4 9. Be2 0-0 10. 0-0 Re8 11. b3 cxb3 12. axb3 Bf5 13. Qd2 Qd6 14. Rfc1 Rac8 15. Nb5 Qb8 16. Bd3 a6 17. Bxf5 Nxf5 18. Nc3 Qd6 19. Na4 Qe7 20. Nc5 Nd6 21. Qd3 Ne4 22. Nd2 Nb4 23. Qe2 Nxc5 24. dxc5 Rxc5 25. Nf3 Rec8 26. Rxc5 Qxc5 27. Rd1 f6 28. Nd4 Nc6 29. Ne6 Qe7 30. Qg4 Re8 31. Nf4 d4 32. Nd5 Qe5 33. Qf3 Qe4 34. Qxe4 Rxe4 35. exd4 Rxd4 36. Rxd4 Nxd4 37. b4 Kf7 38. Kf1 Nc6 39. Ke2 Ke6 40. Nc7+ Kd7 41. Nd5 Kd6 42. b5 Kxd5 0-1

[Event "ITA-ch sf 78th"]
[Site "Alessandria"]
[Date "2018.07.28"]
[Round "8"]
[White "Simonetto, Andrea"]
[Black "Colombo, Roberto"]
[Result "1/2-1/2"]
[WhiteElo "2173"]
[BlackElo "2100"]
[PlyCount "107"]
[EventDate "2018.07.21"]
[EventType "swiss"]
[EventRounds "9"]
[EventCountry "ITA"]
[SourceTitle "CBM 186 Extra"]
[Source "ChessBase"]
[SourceDate "2018.08.24"]
[SourceVersion "1"]
[SourceVersionDate "2018.08.24"]
[SourceQuality "1"]

1. d4 Nf6 2. c4 c5 3. d5 g6 4. Nc3 Bg7 5. e4 d6 6. Nge2 0-0 7. Ng3 Na6 8. Be2 Nc7 9. 0-0 e6 10. Bg5 h6 11. Be3 exd5 12. cxd5 Re8 13. Qd2 Kh7 14. f3 Rb8 15. a4 b6 16. f4 a6 17. e5 Ng8 18. Nge4 dxe5 19. d6 Ne6 20. fxe5 Rf8 21. Nf6+ Nxf6 22. exf6 Bxf6 23. Rxf6 Qxf6 24. Rf1 Qg7 25. Nd5 f5 26. Rf3 Nd4 27. Rg3 Nxe2+ 28. Qxe2 f4 29. Nxf4 Bf5 30. Qd2 Qf7 31. h4 Rbd8 32. a5 Qf6 33. axb6 Rxd6 34. Qc1 Rxb6 35. Nd5 Qxb2 36. Nxb6 Qxb6 37. Bxh6 Re8 38. Kh2 Re4 39. Bg5 c4 40. Qa3 Re1 41. Be3 Qf6 42. Bg5 Qa1 43. Re3 Qxa3 44. Rxa3 Re6 45. Bd2 Rd6 46. Bb4 Rc6 47. Bc3 Kg8 48. Ra5 Kf7 49. h5 Bd3 50. h6 g5 51. Rxg5 Rxh6+ 52. Kg3 Rg6 53. Rxg6 Kxg6 54. Kf4 1/2-1/2

[Event "ITA-ch sf 78th"]
[Site "Alessandria"]
[Date "2018.07.27"]
[Round "7"]
[White "Parrella, Alfredo"]
[Black "Simonetto, Andrea"]
[Result "0-1"]
[WhiteElo "2111"]
[BlackElo "2173"]
[PlyCount "93"]
[EventDate "2018.07.21"]
[EventType "swiss"]
[EventRounds "9"]
[EventCountry "ITA"]
[SourceTitle "CBM 186 Extra"]
[Source "ChessBase"]
[SourceDate "2018.08.24"]
[SourceVersion "1"]
[SourceVersionDate "2018.08.24"]
[SourceQuality "1"]

1. d4 d5 2. c4 e6 3. Nc3 Nf6 4. cxd5 exd5 5. Bg5 Be7 6. e3 c6 7. Bd3 Nbd7 8. Qc2 h6 9. Bf4 Nh5 10. Nge2 Nxf4 11. Nxf4 Bd6 12. Nh5 g6 13. Ng3 f5 14. Nge2 Nf6 15. 0-0-0 Qc7 16. Kb1 Bd7 17. g3 0-0-0 18. Ng1 Rde8 19. Rf1 Rhf8 20. Nf3 Ne4 21. h4 Kb8 22. Rh2 f4 23. gxf4 Bxf4 24. exf4 Qxf4 25. Bxe4 dxe4 26. Ne5 Rxe5 27. dxe5 Qxh2 28. Qd2 Kc8 29. Qd6 Rxf2 30. Rd1 Qh3 31. Nxe4 Rf1 32. Nf6 Bf5+ 33. Ka1 Rxd1+ 34. Qxd1 Qd3 35. Qxd3 Bxd3 36. Ng4 h5 37. Nf6 Kd8 38. Nh7 Bf5 39. b4 Kd7 40. Ng5 c5 41. bxc5 Kc6 42. e6 Kxc5 43. e7 Bd7 44. Ne4+ Kd5 45. Ng3 Ke6 46. e8Q+ Bxe8 47. Ne4 0-1

[Event "ITA-ch sf 78th"]
[Site "Alessandria"]
[Date "2018.07.25"]
[Round "5"]
[White "Brancaleoni, Maurizio"]
[Black "Simonetto, Andrea"]
[Result "1/2-1/2"]
[WhiteElo "2275"]
[BlackElo "2173"]
[PlyCount "53"]
[EventDate "2018.07.21"]
[EventType "swiss"]
[EventRounds "9"]
[EventCountry "ITA"]
[SourceTitle "CBM 186 Extra"]
[Source "ChessBase"]
[SourceDate "2018.08.24"]
[SourceVersion "1"]
[SourceVersionDate "2018.08.24"]
[SourceQuality "1"]

1. Nf3 d5 2. g3 Nf6 3. Bg2 e6 4. 0-0 Be7 5. c4 dxc4 6. Na3 0-0 7. Nxc4 c5 8. b3 Nc6 9. Bb2 a6 10. d4 cxd4 11. Nxd4 Nd5 12. e4 Ndb4 13. Nxc6 Nxc6 14. Qxd8 Rxd8 15. Rfd1 b5 16. Nb6 Rb8 17. Rxd8+ Nxd8 18. Nxc8 Rxc8 19. Rc1 Rxc1+ 20. Bxc1 Nc6 21. Bf1 Nd4 22. Kg2 e5 23. Bb2 Bc5 24. Bd3 f6 25. f4 Kf7 26. Bc3 Ke7 27. Bxd4 1/2-1/2

[Event "ITA-ch sf 78th"]
[Site "Alessandria"]
[Date "2018.07.21"]
[Round "1"]
[White "Sonis, Francesco"]
[Black "Simonetto, Andrea"]
[Result "1-0"]
[WhiteElo "2465"]
[BlackElo "2173"]
[PlyCount "71"]
[EventDate "2018.07.21"]
[EventType "swiss"]
[EventRounds "9"]
[EventCountry "ITA"]
[SourceTitle "CBM 186 Extra"]
[Source "ChessBase"]
[SourceDate "2018.08.24"]
[SourceVersion "1"]
[SourceVersionDate "2018.08.24"]
[SourceQuality "1"]

1. Nf3 d5 2. e3 Nf6 3. c4 e6 4. b3 Be7 5. Bb2 0-0 6. Nc3 dxc4 7. Bxc4 b6 8. 0-0 Bb7 9. d4 a6 10. Qe2 b5 11. Bd3 Nbd7 12. Rfd1 c5 13. dxc5 Bxc5 14. Ng5 h6 15. Nge4 Be7 16. Rac1 Qa5 17. Bb1 Rfd8 18. Nd6 Bxd6 19. Rxd6 Nc5 20. Rxd8+ Rxd8 21. f3 Qb6 22. Nd1 Ncd7 23. Nf2 e5 24. Rd1 Nd5 25. Be4 Qxe3 26. Qxe3 Nxe3 27. Rd3 Bxe4 28. Nxe4 Nc2 29. Bxe5 Nb4 30. Rd2 Nxa2 31. Bc7 Re8 32. Rxd7 Nc1 33. Nc5 Re2 34. b4 Rb2 35. Nxa6 Ne2+ 36. Kf1 1-0